000
003120000a22001450004500
003
MACL
040
_a
MACL
090
_c
6096
_d
6095
100
_a
Parl Blacker
245
_a
Patterna of Life on Earth
260
_b
Cambridge University Press
_c
1984
350
_a
65
650
_a
Life Science
942
_c
BOOK
_k
570
999
_c
6048
_d
6048